000 00649nam a2200241Ia 4500
003 OSt
005 20221005115157.0
006 a|||||r|||| 00| 0
007 ta
008 221004b |||||||| |||| 00| 0 eng d
024 _a51675
037 _cTextual
040 _aCRL
_cCRL
_beng
041 _2eng
_aeng
082 _aQ4:33, J11
100 _aDavids T.w.Rhys
245 0 _aBuddhism, being a sketch of the life and teaching of Gautama,the Buddha.
260 _c1951
490 _a(Non-christian religious systems,).
650 _aRELIGION
942 _hQ4:33, J11
_cTEXL
_2cc
999 _c1033655
_d1033655